Accounting control and financial strategy / (Record no. 345125)
[ view plain ]
| 000 -LEADER | |
|---|---|
| fixed length control field | 00614 a2200181 4500 |
| 020 ## - INTERNATIONAL STANDARD BOOK NUMBER | |
| International Standard Book Number | 0333233565 |
| 020 ## - INTERNATIONAL STANDARD BOOK NUMBER | |
| International Standard Book Number | 9780333233566 |
| 090 ## - LOCALLY ASSIGNED LC-TYPE CALL NUMBER (OCLC); LOCAL CALL NUMBER (RLIN) | |
| -- | 2632 |
| -- | 2632 |
| 100 1# - MAIN ENTRY--PERSONAL NAME | |
| Personal name | McCosh, Andrew M. |
| 245 10 - TITLE STATEMENT | |
| Title | Accounting control and financial strategy / |
| Statement of responsibility, etc. | Andrew M. McCosh. |
| 260 ## - PUBLICATION, DISTRIBUTION, ETC. | |
| Place of publication, distribution, etc. | [S.l.] : |
| Name of publisher, distributor, etc. | Macmillan, |
| Date of publication, distribution, etc. | 1978. |
| 300 ## - PHYSICAL DESCRIPTION | |
| Extent | 192 p. |
| 500 ## - GENERAL NOTE | |
| General note | Paperback. |
| 700 1# - ADDED ENTRY--PERSONAL NAME | |
| Personal name | Earl, Michael J. |
| 856 40 - ELECTRONIC LOCATION AND ACCESS | |
| Materials specified | Amazon.com |
| Uniform Resource Identifier | <a href="http://www.amazon.com/exec/obidos/ASIN/0333233565/chopaconline-20">http://www.amazon.com/exec/obidos/ASIN/0333233565/chopaconline-20</a> |
| 856 40 - ELECTRONIC LOCATION AND ACCESS | |
| Materials specified | Amazon customer reviews |
| Uniform Resource Identifier | <a href="http://www.chopac.org/cgi-bin/tools/azrev.pl?q=0333233565">http://www.chopac.org/cgi-bin/tools/azrev.pl?q=0333233565</a> |
| 942 ## - ADDED ENTRY ELEMENTS (KOHA) | |
| Institution code [OBSOLETE] | NBS |
| Koha item type | Book |
| Call number prefix | 658.150722 ACC |
| Withdrawn status | Lost status | Damaged status | Not for loan | Permanent Location | Current Location | Date acquired | Total Checkouts | Full call number | Barcode | Date last seen | Date last checked out | Price effective from | Koha item type | Public note |
|---|---|---|---|---|---|---|---|---|---|---|---|---|---|---|
| Write Off | Central Library (CL) | Central Library (CL) | 08/28/2013 | 1 | 658.150722 ACC | NBS4876 | 07/06/2015 | 07/06/2015 | 08/28/2013 | Book | No. 0908/NBS/IRC Dated: 12 June, 2012 |
